Adaptácia budovy na nové účely, Banská Štiavnica - interiér

Na minha lista:
Detalhes bibliográficos
Autor principal: Červeňanová, Nikola (Author)
Outros Autores: Hronský, Michal (Thesis advisor)
Formato: Manuscrito Livro
Idioma:eslovaco
Publicado em: Bratislava 2017
Assuntos:
Acesso em linha:http://is.stuba.sk/zp/portal_zp.pl?podrobnosti=128424
Tags: Adicionar Tag
Sem tags, seja o primeiro a adicionar uma tag!

MARC

LEADER 00000ntm a22000003a 4500
001 stuzp63627
003 SK-STU
005 20210212080551.0
007 ta
008 150427s2015----xo-----f-mn---000-0-slo-d
040 |a STU  |b slo 
041 0 |a slo 
100 1 |a Červeňanová, Nikola  |u 055150  |4 aut  |U FAD Fakulta architektúry  |T FA Ústav interiéru a výstavníctva  |X 62222  |U A5150  |Y 396  |7 62222 
242 0 1 |a Adaptation of the building for new use, Banská Štiavnica - interior  |y eng 
245 1 0 |a Adaptácia budovy na nové účely, Banská Štiavnica - interiér 
260 |c 2017  |a Bratislava 
650 4 |a cestovný ruch  |2 slo 
650 4 |a prenajímanie  |2 slo 
650 4 |a rekonštrukcia  |2 slo 
650 4 |a reconstruction  |2 eng 
650 4 |a renting  |2 eng 
650 4 |a tourism  |2 eng 
700 1 |a Hronský, Michal  |u 055150  |k Z1  |4 ths  |U FAD Fakulta architektúry  |T FA Ústav interiéru a výstavníctva  |X 404  |U A5150  |Y 396  |7 A000000404 
856 4 |u http://is.stuba.sk/zp/portal_zp.pl?podrobnosti=128424  |u https://opac.crzp.sk/?fn=detailBiblioForm&sid=E7FF18FD4FFD5019D8FCEE3CC38C